000 00467nam a2200181Ia 4500
001 24857
005 20260414151111.0
008 260414t2009||||xx |||||||||||||| ||spa||
041 _aESP
082 _a346
_bLL719
100 _aLLamas Pombo, Eugenio
_eAUT
245 0 _aOrientaciones sobre el concepto y el método del derecho civil
_b
260 _c2009
300 _axv, 228 páginas :
_c23 cm.
650 _aDER
654 _aCDE
942 _cLIB
_dJUS
_fJUS
_2ddc
_n
999 _c24857
_d24857